BIBLIOTECA PODER JUDICIAL
Portal Judicial TDF

Las remuneraciones de los directores de sociedades anónimas : (Registro nro. 1158)

000 -LEADER
fixed length control field 01025nam a22002657a 4500
003 - CONTROL NUMBER IDENTIFIER
control field OSt
005 - DATE AND TIME OF LATEST TRANSACTION
control field 20191029062613.0
008 - FIXED-LENGTH DATA ELEMENTS--GENERAL INFORMATION
fixed length control field 180305b xxu||||| |||| 00| 0 spa d
020 ## - INTERNATIONAL STANDARD BOOK NUMBER
International Standard Book Number 9502004418
040 ## - CATALOGING SOURCE
Transcribing agency PJ
100 ## - ASIENTO PRINCIPAL - NOMBRE DE PERSONA
9 (RLIN) 1718
Personal name Di Baja, Agusto César
245 14 - MENCIÓN DE TÍTULO
Título propiamente dicho Las remuneraciones de los directores de sociedades anónimas :
Parte restante del título régimen legal y previsional /
Mención de responsabilidad, etc Agusto César Di Baja.
260 ## - PUBLICATION, DISTRIBUTION, ETC. (IMPRINT)
Place of publication, distribution, etc Buenos Aires :
Name of publisher, distributor, etc Abeledo-Perrot,
Date of publication, distribution, etc 1987.
300 ## - DESCRIPCION FISICA
Extent 92 p.
Dimensions 23 cm.
500 ## - NOTA GENERAL
General note Notas a pie de página.
504 ## - NOTA DE BIBLIOGRAFÍA, ETC.
Bibliography, etc Bibliografía: p. 87-88.
505 ## - FORMATTED CONTENTS NOTE
Formatted contents note Contenido:<br/>Principios generales -- Situación de los directores de sociedades anónimas -- Resoluciones administrativas y jurisprudencia judicial -- Apéndices.
650 #0 - ASIENTO SECUNDARIO DE MATERIA - TERMINO TEMATICO
9 (RLIN) 1602
Topical term or geographic name as entry element DERECHO COMERCIAL
650 #0 - ASIENTO SECUNDARIO DE MATERIA - TERMINO TEMATICO
Topical term or geographic name as entry element SOCIEDADES COMERCIALES
9 (RLIN) 646
650 #0 - ASIENTO SECUNDARIO DE MATERIA - TERMINO TEMATICO
9 (RLIN) 1625
Topical term or geographic name as entry element SOCIEDAD ANONIMA
650 #0 - ASIENTO SECUNDARIO DE MATERIA - TERMINO TEMATICO
9 (RLIN) 1688
Topical term or geographic name as entry element DIRECTORES DE SA
650 #0 - ASIENTO SECUNDARIO DE MATERIA - TERMINO TEMATICO
9 (RLIN) 1732
Topical term or geographic name as entry element REMUNERACION DEL DIRECTORIO
700 ## - ADDED ENTRY--PERSONAL NAME
9 (RLIN) 1690
Personal name Figueroa, Federico
942 ## - ADDED ENTRY ELEMENTS (KOHA)
Source of classification or shelving scheme
Koha item type Libros
Classification part 347.725
Item part DIB
Existencias
Withdrawn status Lost status Source of classification or shelving scheme Damaged status Not for loan Permanent Location Current Location Date acquired Full call number Barcode Date last seen Price effective from Koha item type
          Biblioteca Poder Judicial Norte Biblioteca Poder Judicial Norte 2018-08-16 347.725 DIB RG 2265 2024-12-01 2018-08-16 Libros
          Biblioteca Poder Judicial Sur Biblioteca Poder Judicial Sur 2018-08-16 347.725 DIB 1397 2018-08-16 2018-08-16 Libros

12 de Octubre 789 Ushuaia - Tel:  54(02901)441571
Horario de Atención: 8.00 a 17.00 hs. 
bibliotecaush@justierradelfuego.gov.ar
koha@justierradelfuego.gov.ar
Seguinos en nuestras redes @bibliojustdf 

Con tecnología Koha